000 00414nam a2200181Ia 4500
008 210210b1952 xxu||||| |||| 00| 0 eng d
041 _aeng
082 _a824/289
100 _a-
245 _aShakespeare survey No 5
260 _aCambridge
_bAt the University Press.
_c1952
650 _asurvey
650 _aShakespeare
650 _aNo
650 _a5
690 _aEnglish Criticism
906 _a014239
999 _c133370
_d133370